LIBRARY & INFORMATION CENTRE, KCAET, TAVANUR

ONLINE PUBLIC ACCESS CATALOGUE (OPAC)

Milk processing and dairy products industries (Record no. 13674)

MARC details
000 -LEADER
fixed length control field 00326nam a22001217a 4500
020 ## - INTERNATIONAL STANDARD BOOK NUMBER
ISBN 8186732470
082 ## - DEWEY DECIMAL CLASSIFICATION NUMBER
Classification number 637.1
Item number EIR/MI
100 ## - MAIN ENTRY--AUTHOR NAME
Personal name Engineers India Research Institute
245 ## - TITLE STATEMENT
Title Milk processing and dairy products industries
260 ## - PUBLICATION, DISTRIBUTION, ETC. (IMPRINT)
Place of publication New Delhi
Name of publisher Engineers India Research Institute
300 ## - PHYSICAL DESCRIPTION
Number of Pages 380
942 ## - ADDED ENTRY ELEMENTS (KOHA)
Koha item type Books
Holdings
Withdrawn status Lost status Damaged status Collection code Home library Current library Shelving location Date acquired Source of acquisition Cost, normal purchase price Full call number Accession Number Koha item type
      Non-fiction KAUAET KAUAET General Stacks 31/03/2012 Universal Research Books, Thrissur 750.00 637.1 EIR/MI 22578 Books
free website counter